1414 1210 1495 1327 1242 1315 1718 1580 1646 1553 1362 1571 1908 1920 1091 1390 1278 1461 1916 1051 1202 1795 1544 1475 1778 1597 1545 1594 1754 1385 1605 1351 1375 1657 1601 1449 1075 1723 1619 1810 1226 1536 1574 1224 1643 1172 1385 1131 1336 1050 1498 1740 1744 1193 1662 1759 1408 1660 1425 1309 1494 1316 1005 1639 1236 1278 1189 1308 1482 1296 1503 1031 1350 1894 1576 1844 1685 1950 1609 1032 1277 1580 1330 1400 1389 1956 1752 1804 1678 1878 1901 1324 1883 1277 1861 1336 1621 1606 1804 BCNSPRNW ULIB Ver.6.0+V

เปลี่ยนเป็นภาษาไทย

Change to English
 แสดงรายละเอียดบรรณานุกรม
  กลับหน้าหลัก

Brief Record : Get Marc (ISO 2709) : E-mail record : QR code < ปิดหน้าต่าง
LEADER : 00000nam 2200000uu 4500
001    13399114501
003     ULIB
008    120410s||||||||th 000 0 tha d
020    6167007106
100 0  เฟื่องฝน
245 00 บันทึกเฮฮา คุณหนูพยาบาลจอมจุ้น
945    ^p165^l0^i026862
999 ^a ใช้งานได้ทุกระบบ
รายการนี้ยังไม่มีแท็ก
คุณยังไม่ได้ล็อกอิน คุณสามารถมีกิจกรรมร่วมกับเว็บไซต์ได้ แต่ต้องล็อกอินก่อน ::
  ล็อกอิน

รายการสื่อสารสนเทศ

ลำดับที่ ประเภท เลขเรียก/บาร์โค้ด สถานที่ สถานะ
- ไม่พบข้อมูล -

รายการใกล้เคียง
    ผู้แต่ง [เฟื่องฝน]

BibComment


ยังไม่เคยถูกคอมเมนท์

คอมเมนท์ทรัพยากรรายการนี้
  คอมเมนท์: บันทึกเฮฮา คุณหนู..


 Copyright 2026. Bcnsprnw @Library